LEADER 01378nas 2200445 c 450 001 9910894572003321 005 20260127110405.0 011 $a2068-1682 035 $a(CKB)3710000000171494 035 $a(DE-101)1202472699 035 $a(DE-599)ZDB3004373-6 035 $a(DE-599)3004373-6 035 $a(EXLCZ)993710000000171494 100 $a20200107a20109999 |y | 101 0 $arum 135 $aur||||||||||| 181 $ctxt$2rdacontent 182 $cc$2rdamedia 183 $acr$2rdacarrier 200 00$aUnivers strategic$erevista? Universitara? de Studii Strategice Interdisciplinare s?i de Securitate$fUniversitatea Cres?tina "Dimitrie Cantemir" .. 210 31$aBucures?ti$cUniversitatea Cres?tina "Dimitrie Cantemir"$d[2010]- 215 $aOnline-Ressource 300 $aErscheint auch als Druck- und DVD-ROM-Ausgabe 311 08$a2067-7464 517 3 $aStrategic univers 517 1 $aRevista univers strategic 517 1 $a˜Theœ strategic universe journal 517 1 $aRevista Universitara? Roma?na? de Studii de Securitate 608 $aZeitschrift$2gnd-content 676 $a320 676 $a370 676 $a940 686 $aOST$qDE-12$2fid 801 0$b0012 801 1$bDE-101 801 2$b8007 906 $aJOURNAL 912 $a9910894572003321 996 $aUnivers strategic$94258080 997 $aUNINA